Current UK Cabinet 2025 - Statistics

General Stats
  • This quiz has been taken 53 times
    40 since last reset
  • The average score is 14 of 25
Answer Stats
Role Answer % Correct
Prime Minister Keir Starmer
100%
Chancellor Rachel Reeves
94%
Foreign Secretary David Lammy
84%
Home Secretary Yvette Cooper
84%
Health Secretary Wes Streeting
81%
Housing and Communities secretary (Deputy PM) Angela Rayner
78%
Justice Secretary Shabana Mahmood
69%
Education Secretary Bridget Phillipson
63%
Energy Security and Net Zero Secretary Ed Miliband
63%
Defence Secretary John Healey
63%
Culture Secretary Lisa Nandy
63%
Chancellor of Duchy of Lancaster Pat McFadden
59%
Work and Pensions secretary Liz Kendall
56%
Business and Trade Secretary Johnathan Reynolds
53%
Secretary of state to the Tresaury Darren Jones
47%
Northen Ireland secretary Hilary Benn
47%
Leader of the House of Commons Lucy Powell
47%
Transport Secretary Heidi Alexander
44%
Science, Innovation and Technology Secretary Peter Kyle
44%
Scotland Secretary Ian Murray
41%
Environment Secretary Steve Reed
34%
Leader of the House of Lords Baroness Smith
31%
Cheif Whip Alan Campbell
16%
Wales Secretary Jo Stevens
16%
Attorney General Lord Hermer
16%
No matching quizzes found
Score Distribution
Percent of People with Each Score
Percentile by Number Answered
Your Score History
You have not taken this quiz since the last reset